Sobre el hallazgo de microfloras en el Jurásico superior del borde austral de la cuenca neuquina (República Argentina) /
"En el presente trabajo se da una primera evaluación cuantitativa de varias microfloras titonianas de la Formación Vaca Muerta. Las descripciones sistemáticas correspondientes a ellas han sido realizadas en otro trabajo [...] por lo cual se da en esta contribución solamente una lista taxonómica...
Guardado en:
| Autores Principales: | , |
|---|---|
| Autor Corporativo: | |
| Formato: | Capítulo de libro |
| Idioma: | Spanish |
| Etiquetas: |
Agregar Etiqueta
Sin Etiquetas, Sea el primero en etiquetar este registro!
|
| LEADER | 01319naa a22002055a 4500 | ||
|---|---|---|---|
| 001 | EUN.um024000 | ||
| 008 | 041125b1945####ag#a#####b####000#0#spa#d | ||
| 005 | 20240214093606.0 | ||
| 245 | 1 | 0 | |a Sobre el hallazgo de microfloras en el Jurásico superior del borde austral de la cuenca neuquina (República Argentina) / |c Wolfgang Volkheimer y Mirta Quattrocchio. |
| 300 | |b il. ; |c 25 cm. | ||
| 546 | |a Resumen en alemán. | ||
| 520 | |a "En el presente trabajo se da una primera evaluación cuantitativa de varias microfloras titonianas de la Formación Vaca Muerta. Las descripciones sistemáticas correspondientes a ellas han sido realizadas en otro trabajo [...] por lo cual se da en esta contribución solamente una lista taxonómica de las especies identificadas, con algunas aclaraciones acerca del alcance de los taxones utilizados."--Introducción. | ||
| 504 | |a Bibliografía: p. 613-614. | ||
| 773 | 0 | |t Actas del 1er. Congreso Argentino de Paleontología y Bioestratigrafía. |g Vol.1 (1975), p. 589-615. | |
| 100 | 1 | |a Volkheimer, Wolfgang, |d 1928-2018. |4 aut | |
| 700 | 1 | |a Quattrocchio, Mirta Elena, |d 1950- |4 aut | |
| 711 | 2 | |a Congreso Argentino de Paleontología y Bioestratigrafía |n (1 : |d 1975 : |c Tucumán) | |
| 082 | 0 | 4 | |a 560.17 |
| 041 | 1 | |a spa |b ger | |
| 859 | |a Ar-BaUNS |b BIB. CENTRAL - Sector C |h 560.17 |i V884-2 |p 83088/979 | ||
